Mass flourishing : (Record no. 640)

MARC details
000 -LEADER
fixed length control field 00683nam a22002177a 4500
005 - DATE AND TIME OF LATEST TRANSACTION
control field 20250420134819.0
008 - FIXED-LENGTH DATA ELEMENTS--GENERAL INFORMATION
fixed length control field 200816b ||||| |||| 00| 0 eng d
015 ## - NATIONAL BIBLIOGRAPHY NUMBER
Qualifying information 9780691165790
020 ## - INTERNATIONAL STANDARD BOOK NUMBER
International Standard Book Number 9780691165790
040 ## - CATALOGING SOURCE
Transcribing agency KCST
082 ## - DEWEY DECIMAL CLASSIFICATION NUMBER
Classification number 330
Item number Ph Ma
100 ## - MAIN ENTRY--PERSONAL NAME
Personal name Phelps, Edmund S
9 (RLIN) 5157
245 ## - TITLE STATEMENT
Title Mass flourishing :
Remainder of title how grassroots innovation created jobs, challenge, and change /
Statement of responsibility, etc. Edmund S Phelps
260 ## - PUBLICATION, DISTRIBUTION, ETC.
Place of publication, distribution, etc. Princeton :
Name of publisher, distributor, etc. Princeton University Press,
Date of publication, distribution, etc. 2013.
300 ## - PHYSICAL DESCRIPTION
Extent 378 p.
650 ## - SUBJECT ADDED ENTRY--TOPICAL TERM
Topical term or geographic name entry element Technological innovations
Form subdivision Economic aspects.
9 (RLIN) 5158
650 ## - SUBJECT ADDED ENTRY--TOPICAL TERM
Topical term or geographic name entry element Creative ability in business.
9 (RLIN) 1403
650 ## - SUBJECT ADDED ENTRY--TOPICAL TERM
Topical term or geographic name entry element Corporate state.
9 (RLIN) 5159
942 ## - ADDED ENTRY ELEMENTS (KOHA)
Koha item type Book
942 ## - ADDED ENTRY ELEMENTS (KOHA)
Source of classification or shelving scheme Dewey Decimal Classification
Holdings
Withdrawn status Lost status Source of classification or shelving scheme Damaged status Not for loan Home library Current library Date acquired Source of acquisition Cost, normal purchase price Total checkouts Full call number Barcode Date last seen Price effective from Koha item type
    Dewey Decimal Classification     KCST Library KCST Library 16/08/2020 Dr. Rodrigo Magalhaes 0.00   330 Ph Ma 1000000735 16/08/2020 16/08/2020 Book
© 2025 KCST. All rights reserved